000 00708nam a2200241 a 4500
001 BRCA_7628
005 20190320205922.0
008 090713s1956----uk-a######---#000-0#eng-#
041 _aeng
044 _aUk
050 4 _aN7340
_b.S53 1956
100 1 _aSickman, Laurence
_918816
245 1 0 _aThe art and architecture of China
_cLaurence Sickman & Alexander Soper.
260 _aGran Bretaña
_bPenguin
_cc1956
300 _axxvi, 334 p.
_bil., mapas, tablas, 190 láminas
_c27 cm.
440 0 _aPelican History of Art
_918817
500 _aT41
650 1 4 _aArte
_zChina
_97245
650 1 4 _aArquitectura
_zChina
_918818
700 1 _aSoper, Alexander
_ecoaut.
_918819
902 _aGFM
942 _2lcc
_cB
999 _c7302
_d7302